Chit-chat mengenai gaya hidup
| Main Author: | |
|---|---|
| Format: | Book |
| Published: |
Selangor :
Percetakan strikeway sdn bhd ,
2010
|
| Subjects: |
MARC
| LEADER | 00000cam a2200000 7i4500 | ||
|---|---|---|---|
| 001 | 0000035697 | ||
| 005 | 20130515.0 | ||
| 008 | 130515 | ||
| 020 | |a 9833603866 | ||
| 090 | 0 | 0 | |a 305.2355 |b MOH |
| 100 | 1 | |a M.Fadzli A.Bakar. | |
| 245 | 1 | 0 | |a Chit-chat mengenai gaya hidup |c M.Fadzli A.Bakar. |
| 260 | |a Selangor : |b Percetakan strikeway sdn bhd , |c 2010 | ||
| 500 | |||
| 650 | 0 | |a Teenagers |x social life custom. | |
| 999 | |a 0001051194 |b Book |c Adult Collection |e Cawangan Taman Sri Lambak | ||
| 999 | |a 0001219882 |b Book |c Teenagers |e Perbadanan Perpustakaan Awam Johor | ||